|
|
|
|
| LEADER |
01811nam a22005055i 4500 |
| 001 |
978-1-4020-4125-9 |
| 003 |
DE-He213 |
| 005 |
20151204154616.0 |
| 007 |
cr nn 008mamaa |
| 008 |
100301s2005 ne | s |||| 0|eng d |
| 020 |
|
|
|a 9781402041259
|9 978-1-4020-4125-9
|
| 024 |
7 |
|
|a 10.1007/1-4020-4125-X
|2 doi
|
| 040 |
|
|
|d GrThAP
|
| 050 |
|
4 |
|a B829.5.A-829.5.Z
|
| 072 |
|
7 |
|a HPCF3
|2 bicssc
|
| 072 |
|
7 |
|a PHI018000
|2 bisacsh
|
| 082 |
0 |
4 |
|a 142.7
|2 23
|
| 100 |
1 |
|
|a Ciocan, Cristian.
|e author.
|
| 245 |
1 |
0 |
|a Levinas Concordance
|h [electronic resource] /
|c by Cristian Ciocan, Georges Hansel.
|
| 264 |
|
1 |
|a Dordrecht :
|b Springer Netherlands,
|c 2005.
|
| 300 |
|
|
|a 952 p.
|b online resource.
|
| 336 |
|
|
|a text
|b txt
|2 rdacontent
|
| 337 |
|
|
|a computer
|b c
|2 rdamedia
|
| 338 |
|
|
|a online resource
|b cr
|2 rdacarrier
|
| 347 |
|
|
|a text file
|b PDF
|2 rda
|
| 505 |
0 |
|
|a List of Abbreviations -- General Index of French Terms -- General Index of Proper Names -- Index of Hebrew, Biblical and Talmudic Proper Names -- Index of Hebrew Terms -- Index of Greek Terms -- Index of Latin Terms -- Index of German Terms -- Index of Works.
|
| 650 |
|
0 |
|a Philosophy.
|
| 650 |
|
0 |
|a Ethics.
|
| 650 |
|
0 |
|a Modern philosophy.
|
| 650 |
|
0 |
|a Ontology.
|
| 650 |
|
0 |
|a Religion
|x Philosophy.
|
| 650 |
|
0 |
|a Phenomenology.
|
| 650 |
1 |
4 |
|a Philosophy.
|
| 650 |
2 |
4 |
|a Phenomenology.
|
| 650 |
2 |
4 |
|a Ethics.
|
| 650 |
2 |
4 |
|a Philosophy of Religion.
|
| 650 |
2 |
4 |
|a Modern Philosophy.
|
| 650 |
2 |
4 |
|a Ontology.
|
| 700 |
1 |
|
|a Hansel, Georges.
|e author.
|
| 710 |
2 |
|
|a SpringerLink (Online service)
|
| 773 |
0 |
|
|t Springer eBooks
|
| 776 |
0 |
8 |
|i Printed edition:
|z 9781402041242
|
| 856 |
4 |
0 |
|u http://dx.doi.org/10.1007/1-4020-4125-X
|z Full Text via HEAL-Link
|
| 912 |
|
|
|a ZDB-2-SHU
|
| 950 |
|
|
|a Humanities, Social Sciences and Law (Springer-11648)
|